00471nam a22001577a 450000500170000001000150001702000240003203500140005603700130007008200120008310000130009524500850010826000400019327000520023330000280028520230511163512.0 aENG-118097 a8189766449c1245.00 aEN-101629 bDBAD/PUB a616.994 aHD Kumar aCombating cancer /cby HD Kumar, Swati KumarbDiagnosis,therapy and nanomedicine aNew DelhibVitasta Publishingc2015 a2/15, Ansari Road, Daryaganj New Delhi - 110002 axviii, 309pc24cm. (Hb)